Tous les albums de JuL - Statistiques

Statistiques générales
  • Ce quiz a été pris 312 fois
  • Le résultat moyen est 19 sur 29
Statistiques - réponses
Par images Réponse % Correct
Coeur blanc
85%
Album gratuit
83%
L'ovni
80%
My World
80%
Emotions
78%
D&P à vie
76%
Dans ma paranoïa
75%
Extraterrestre
75%
C'est pas des LOL
73%
Rien 100 Rien
73%
La machine
72%
La tête dans les nuages
70%
La zone en personne
68%
Loin du monde
67%
Inspi d'ailleurs
66%
Inarrêtable
65%
Décennie
62%
Indépendance
60%
Jul
60%
Mise à jour
60%
C'est quand qu'il s'éteint?
58%
Je ne me vois pas briller
55%
Je tourne en rond
55%
Demain ça ira
53%
La route est longue
53%
Lacrizeomic
50%
Je trouve pas le sommeil
48%
Album gratuit, vol.6
44%
Album gratuit, vol.7
44%
Aucun quiz correspondant
Distribution des résultats
% des personnes avec chaque résultat
Percentile par nombre de réponses
Votre historique - résultats
Vous n’avez pas pris ce quiz